000 00697nam a22002177a 4500
005 20250822170638.0
008 250822b |||||||| |||| 00| 0 eng d
037 _cTB
040 _aCRL
_cCRL
041 _2eng
_aeng
_htel
084 _aNS 35Q7
_qCRL
100 _aDevi, K. Nirmala
_9818680
245 _aGaraga - kuchipudi nriiyalalo janapada - sastriya nrityaamshyala parisheelana
260 _aHydrabad, India:
_bNirmala,
_c2017.
300 _axvi, 204p.
365 _b300.00
_cINR
650 _aDance
_936226
650 _aArts
942 _2CC
_cTB
_hNS 35Q7
_n0
999 _c1434848
_d1434848